000 02398nam a2200445 c 4500
003 BLK
005 20230809120359.0
008 180411b bul|||||r ||||||| ||bul||
010 _aKNG00186310000
020 _a978-954-2963-13-4
_bиздат.: Акад. за муз. танцово и изобр. изк. - на том(т. 2)
040 _aBLK
041 _aBUL
_cBUL
_hENG
072 7 _2bullib
_aН70
_xИзкуства Н
080 _aЕстетика. Философия. Вкус. Теория на музиката. Вж и 534.3;781
_b78.01
_x:37(063)
_z78.01:37(063)
700 1 _aКуюмджиев, Юлиан Стоянов
_eглав. ред.
_9372493
139 _aМеждународна научна конференция "Изкуство и образование - традиции и съвременност", Пловдив, 23-24 окт. 2014
_bМ 45
245 1 0 _aМеждународна научна конференция "Изкуство и образование - традиции и съвременност", Пловдив, 23-24 окт. 2014
_bТ. 1 -
_cглав. ред. Юлиан Стоянов Куюмджиев.
_nТ. 2
246 1 1 _aInternational Scientific Conference "Art and Education - Traditions and Contemporaneity", Plovdiv, Oct. 23rd-24th, 2014
257 _aBGR
260 Пловдив
_c2015
_fПловдив : Унив. изд. Паисий Хилендарски
300 _c22 см
380 _a7
500 _aТекст и на англ. ез. - Библиогр. след отд. докл. - Рез. на бълг., англ. ез.
650 4 _aМузикално образование - конференции
_9338768
653 _aмузикално образование
653 _aтеория на музиката
653 _aистория на музиката
653 _aфолклор
653 _aхореография
653 _aизобразително изкуство
653 _aконференции
659 _aН
760 1 _3- на том(т. 2)
_dАкад. за муз. танцово и изобр. изк., 2015
_h502 с.
_tТ. 2
852 _aЦб 279381
856 4 _qpdf
_u
856 4 _qpdf
_u
942 _cKNG
_n0
_02
944 _aCR
_c09.02.2016
_k30534
_lРадостина Карадакова
944 _aED
_c26.02.2016
_kГеновева_Генчева
999 _c177629
_d177629